Bharatanatyam on global stage (Record no. 193999)
[ view plain ]
| 000 -LEADER | |
|---|---|
| fixed length control field | 00591nam a22001817a 4500 |
| 005 - DATE AND TIME OF LATEST TRANSACTION | |
| control field | 20221130123908.0 |
| 010 ## - LCCN (DPL NO) | |
| LC control number | ENG-135753 |
| 020 ## - INTERNATIONAL STANDARD BOOK NUMBER | |
| International Standard Book Number | 9789350532478 |
| Terms of availability | 850.00 |
| 035 ## - SYSTEM CONTROL NUMBER | |
| System control number | EN-119285 |
| 037 ## - SOURCE OF ACQUISITION | |
| Source of stock number/acquisition | DBAD/PUB |
| 082 ## - DEWEY DECIMAL CLASSIFICATION NUMBER | |
| Classification number | 793.3195482 |
| 100 ## - MAIN ENTRY--PERSONAL NAME | |
| Personal name | Reddy, Smitha |
| 245 ## - TITLE STATEMENT | |
| Title | Bharatanatyam on global stage |
| Statement of responsibility, etc | by Smitha Reddy |
| 260 ## - PUBLICATION, DISTRIBUTION, ETC. (IMPRINT) | |
| Place of publication, distribution, etc | Darya ganj |
| Name of publisher, distributor, etc | Cyber tech publications |
| Date of publication, distribution, etc | 2014 |
| 270 ## - ADDRESS | |
| Address | 4264/3, Ansari road, daryaganj |
| City | New delhi |
| Postal code | 110002 |
| Electronic mail address | cybertechpublications@gmail.com |
| 300 ## - PHYSICAL DESCRIPTION | |
| Extent | 240 p. |
| Dimensions | 22cm(hbk) |
| Other physical details | Bibliography |
| 942 ## - ADDED ENTRY ELEMENTS (KOHA) | |
| Source of classification or shelving scheme | Dewey Decimal Classification |
| Item type | English Books |
| Call number suffix | RED |
| Classification part | 793.3195482 |
| Withdrawn status | Lost status | Not for loan | Home library | Current library | Date acquired | Source of acquisition | Cost, normal purchase price | Full call number | Barcode | Copy number | Cost, replacement price | Koha item type |
|---|---|---|---|---|---|---|---|---|---|---|---|---|
| Diz Area | Diz Area | 30/11/2022 | DBAD/PUB | 850.00 | 793.3195482 RED | EN-119285 | 1 | 850.00 | English Books |
